Call of Duty zombies playable characters - Statistics

General Stats
  • This quiz has been taken 22 times
  • The average score is 12 of 53
Answer Stats
Games appearance Answer % Correct
World at War / BO1 / BO2 / BO3 / BO4 Tank Dempsey
93%
World at War / BO1 / BO2 / BO3 / BO4 Edward Richtofen
86%
BO1 - Five John F. Kennedy
57%
World at War / BO1 / BO2 / BO3 / BO4 Nikolai Belinski
50%
World at War / BO1 / BO2 / BO3 / BO4 Takeo Masaki
50%
BO1 - Five Fidel Castro
43%
BO1 - Five Richard Nixon
43%
BO1 - Five Robert McNamara
43%
BO2 / BO4 Misty
36%
BO2 / BO4 Russman
36%
BO4 Stanton Shaw
36%
BO1 - Call of the Dead Danny Trejo
29%
BO3 - Shadows of Evil Jack Vincent
29%
BO3 - Shadows of Evil Jessica Rose
29%
BO2 / BO4 Marlton Johnson
29%
BO1 - Call of the Dead Michael Rooker
29%
BO3 - Shadows of Evil Nero Blackstone
29%
BO1 - Call of the Dead Robert Englund
29%
BO2 / BO4 Samuel Stuhlinger
29%
BO1 - Call of the Dead Sarah Michelle Gellar
29%
BO2 - Mob of the Dead Albert Arlington
21%
BO2 - Mob of the Dead Billy Handsome
21%
Infinite Warfare - Spaceland David Hasselhoff
21%
Infinite Warfare - Attack of the radioactive thing Elvira
21%
BO3 - Shadows of Evil Floyd Campbell
21%
World at War - Verruckt John Banana
21%
Advanced Warfare Oz
21%
BO2 - Mob of the Dead Sal Deluca
21%
BO4 Scarlett Rhodes
21%
Infinite Warfare - Mephistopheles Willard Wyler
21%
Infinite Warfare AJ
14%
Infinite Warfare Andre
14%
BO4 Bruno Delacroix
14%
BO2 - Mob of the Dead Finn O'leary
14%
World at War - Verruckt Gunner
14%
Infinite Warfare - Rave in the Redwoods Kevin Smith
14%
Infinite Warfare - Shaolin Shuffle Pam Grier
14%
Infinite Warfare Poindexter
14%
Infinite Warfare Sally
14%
BO4 - Dead of the Night Christina Fowler
7%
BO4 Diego Necalli
7%
BO4 - Dead of the Night Gideon Jones
7%
BO4 - Dead of the Night Godfrey
7%
WWII Jefferson Potts
7%
BO4 - Dead of the Night Jonathan Warwick
7%
Advanced Warfare Decker
0%
WWII Drostan Hynd
0%
Advanced Warfare Kahn
0%
Advanced Warfare Lennox
0%
Advanced Warfare Lilith
0%
WWII Marie Fischer
0%
WWII Olivia Durant
0%
World at War - Verruckt Smoker
0%
No matching quizzes found
Score Distribution
Percent of People with Each Score
Percentile by Number Answered
Your Score History
You have not taken this quiz